LEADER 02737nam a2200709 a 4500
001 nkc20102133060
003 CZ PrNK
005 20110203092827.0
007 ta
008 110103s2010 xr a f 001 0dcze
015 |a cnb002133060 
020 |a 978-80-7438-031-0  |q (váz.) 
035 |a (OCoLC)703549147 
040 |a ABA001  |b cze 
041 1 |a cze  |h eng 
043 |a n-us--- 
045 |a x1x7 
072 7 |a 616  |x Patologie. Klinická medicína  |2 Konspekt  |9 14 
080 |a 616.831-002  |2 MRF 
080 |a 616.858-008.6  |2 MRF 
080 |a 616-08:615.2/.3  |2 MRF 
080 |a 616.8-052  |2 MRF 
080 |a 616.1/.9-052-07/-08  |2 MRF 
080 |a 616-036.21  |2 MRF 
080 |a 61(091)  |2 MRF 
080 |a (73)  |2 MRF 
080 |a (0:82-32)  |2 MRF 
080 |a (048.8)  |2 MRF 
100 1 |a Sacks, Oliver,  |d 1933-2015  |7 jn19990007290  |4 aut 
245 1 0 |a Probouzení :  |b příběh o nečekaném probuzení ze spavé nemoci /  |c Oliver Sacks ; [z anglického originálu ... přeložila Dana Balatková] 
250 |a Vyd. 1. 
260 |a Praha :  |b Dybbuk,  |c 2010 
300 |a 461 s. :  |b il. ;  |c 22 cm 
500 |a Terminologický slovník 
504 |a Obsahuje bibliografii, bibliografické odkazy a rejstřík 
648 4 |a 1916-1927 
648 4 |a 1927-1972 
650 0 7 |a epidemická encefalitida  |7 ph115125  |2 czenas 
650 0 7 |a parkinsonismus  |7 ph138909  |2 czenas 
650 0 7 |a farmakoterapie  |7 ph134781  |2 czenas 
650 0 7 |a neurologičtí pacienti  |7 ph526586  |z Spojené státy americké  |y 20. století  |2 czenas 
650 0 7 |a kazuistiky (lékařství)  |7 ph122501  |z Spojené státy americké  |y 20. století  |2 czenas 
650 0 7 |a pandemie  |7 ph330262  |z Spojené státy americké  |y 20. století  |2 czenas 
650 0 7 |a dějiny lékařství  |7 ph484341  |z Spojené státy americké  |y 20. století  |2 czenas 
650 0 9 |a epidemic encephalitis  |2 eczenas 
650 0 9 |a parkinsonism  |2 eczenas 
650 0 9 |a pharmacotherapy  |2 eczenas 
650 0 9 |a neurological patients  |z United States  |y 20th century  |2 eczenas 
650 0 9 |a casuistics  |z United States  |y 20th century  |2 eczenas 
650 0 9 |a pandemy  |z United States  |y 20th century  |2 eczenas 
650 0 9 |a history of medicine  |z United States  |y 20th century  |2 eczenas 
655 7 |a příběhy  |7 fd133204  |2 czenas 
655 7 |a monografie  |7 fd132842  |2 czenas 
655 9 |a stories  |2 eczenas 
655 9 |a monographs  |2 eczenas 
765 0 |t Awakenings  |9 Česky 
856 4 1 |u http://www.digitalniknihovna.cz/mzk/uuid/uuid:f6d5a370-2e8e-11e8-9dd8-005056827e51  |y Digitalizovaný dokument  |x NDK 
910 2 |a BOA001  |b 2-1258.115 
990 |a BK 
995 |a 01 
991 |b 201101  |c NOV  |e n 
996 6 |b 2610460150  |c 2-1258.115  |l MZK  |r Sklad / do 1 hodiny  |n 3  |p p.v.  |w 001164531  |u 000010  |a 1  |e BOA001  |j MZK50  |s P